Labor Market Rigidities and Unemployment in Europe

Gespeichert in:
Bibliographische Detailangaben
1. Verfasser: Siebert, Horst
Format: Buch
Sprache:Englisch
Veröffentlicht: Kiel Institut für Weltwirtschaft 1997
Schriftenreihe:Kiel Working Paper No. 787
Schlagworte:
Tags: Tag hinzufügen
Keine Tags, Fügen Sie das erste Tag hinzu!

MARC

LEADER 00000nam a2200000 4500
001 c019459
005 20250521093002.9
041 0 |a eng 
044 |a DE 
245 1 0 |a Labor Market Rigidities and Unemployment in Europe  |c Horst Siebert 
264 1 |a Kiel  |b Institut für Weltwirtschaft  |c 1997 
300 |a 25 s. 
490 1 |a Kiel Working Paper  |v No. 787 
830 0 |a Kiel Working Paper  |v No. 787 
610 2 0 |a trh práce 
610 2 0 |a nezamestnanosť 
610 2 0 |a Európa 
610 2 0 |a zmeny štruktúrne 
610 2 0 |a mzdy minimálne 
610 2 0 |a úpravy právne 
100 1 |a Siebert, Horst